Easy Geography - Statistics

General Stats
  • This quiz has been taken 108 times
  • The average score is 5 of 6
Answers on the Grid
Answers color-coded by a green-red scale on the quiz's grid according to % correct below.
Berlin is the capital of Belgium
Australia is in Oceania
Jakarta is the capital of Indonesia
Greece is in Scandinavia
Fiji is an island country
North an South America used to be connected by land
South Africa is in Western Africa
Paris is in France
London is a village in Zambia
Venezuela borders Chile
Guatemala borders Mexico
USA and Vietnam border each other
 
Answer Stats
Answer % Correct
Fiji is an island country
100%
Jakarta is the capital of Indonesia
96%
Paris is in France
96%
Australia is in Oceania
91%
Guatemala borders Mexico
74%
North an South America used to be connected by land
70%
No matching quizzes found
Score Distribution
Percent of People with Each Score
Percentile by Number Answered
Your Score History
You have not taken this quiz